| 000 | 01140nam a2200229Ia 4500 | ||
|---|---|---|---|
| 999 |
_c37423 _d37423 |
||
| 001 | 3382 | ||
| 003 | GE_BSU | ||
| 005 | 20190607171351.0 | ||
| 008 | 181216s1979|||| |||||||||||||| ||geo|| | ||
| 040 | _cGE_BSU | ||
| 041 | _ageo | ||
| 080 | _a621.1(075.8) თ–38 | ||
| 245 |
_aთბოტექნიკა(ზოგადი თბოტექნიკის კურსი) : სახელმძღვ. / _cმთარგმ : ო.კიღურაძე , ს.ნადარეიშვილი , ა.ხიდაშელი და სხვ. |
||
| 250 | _aთარგმ. მეორე გადამ. რუსული გამოც.–დან. | ||
| 264 |
_aთბილისი : _bგანათლება, _c1979. |
||
| 300 |
_a518 გვ .: _c27 სმ. _eნახაზ. |
||
| 653 | _aთბოტექნიკა | ||
| 700 |
_aკიღურაძე,, ო _eმთარგმნელი _92282 |
||
| 700 |
_aნადარეიშვილი, ს _eმთარგმნელი _92283 |
||
| 700 |
_aხიდაშელი, ა _eმთარგმნელი _92284 |
||
| 942 |
_cBK _2udc |
||